00547nam a22001817a 450000500170000001000130001702000260003003500130005603700090006908200080007810000230008624500840010925000120019326000360020527000720024130000330031350000190034620210827154720.0 aB-741413 a9788123918938c618.00 aB-741413 bGift a617 aShenoy, Rajgopal K aManipal manual of surgery /cedited by Rajgopal Shenoy K.[and] Anitha Nileshwar a3rd ed. aNew DelhibCBS Publishersc2009 a4819/Xl Prahlad Street,24 Ansari Road Daryaganj,bNew Delhie110002 axxvi, 969p.:c28cm (Hb)bill aincludes index